| 000 | 00835nam a22002057a 4500 | ||
|---|---|---|---|
| 999 |
_c5486 _d5486 |
||
| 003 | AR-CdUCM | ||
| 008 | 190312b ||||| |||| 00| 0 spa d | ||
| 040 |
_aMUNICIPALIDAD PROVINCIAL DEL CUSCO _cBIBLIOTECA MUNICIPAL DEL CUSCO |
||
| 082 |
_a985 / _bT48 |
||
| 100 |
_aThorndike Losada, Guillermo _916091 |
||
| 245 |
_a1930-Perú-1980 : _bla república militar / |
||
| 260 |
_aLima : _bUniverso, _c1979. |
||
| 300 |
_a176 páginas ; _bilustraciones, retratos, _c28 cm. |
||
| 505 | _aContenido: El Francés que salvó a Leguía -- Derrocó a Pan Grande -- Civiles fracasados -- El hijo del Presidente -- En busca de presidente -- El triste fin de un dictador ... | ||
| 650 |
_aGobierno Revolucionario, 1968-1980 _96831 |
||
| 650 |
_aPerú - Historia _97300 |
||
| 650 |
_aAspectos políticos _98399 |
||
| 942 |
_2ddc _cLIBROS |
||
| 945 | _aachl | ||